000 00867nam a2200229Ii 4500
003 JO-AjNU
008 230605s9999||||xx |||||||||||||| ||und||
017 _a2013/8166
020 _a978-977-436-362-1
040 _aJO-AjNU
_bara
_erda
_cJO-AjNU
041 _aara
050 1 4 _aD521 2017
100 3 _aتأليف: سلامة، اسامة,
_eauthor
_960530
245 0 0 _aالحرب العالمية الاولى 1914-1918م
250 _aالطبعة الثانية
264 3 1 _aمصر/ الجيزة: الدار العالمية للكتب والنشر/مكتبة النافذة، 2017
300 _a269ص
_bيحتوي على ببلوغرافيا من ص 263-269ص
336 _atext
_btxt
_2rdacontent
337 _aunmediated
_bn
_2rdamedia
338 _avolume
_bnc
_2rdacarrier
650 4 _aالحرب العالمية الاولى - التاريخ
_960531
999 _aA27299
_c30867
_d30867